[Event "Pontevedra op 7th"]
[Site "Pontevedra"]
[Date "2019.08.12"]
[Round "6"]
[White "Martins, Bruno Andre Leite"]
[Black "Garrido Piriz, Pablo"]
[Result "1/2-1/2"]
[WhiteElo "2186"]
[BlackElo "2071"]
[PlyCount "122"]
[EventDate "2019.08.08"]
[EventType "swiss"]
[EventRounds "9"]
[EventCountry "ESP"]
[SourceTitle "EXT 2020"]
[Source "ChessBase"]
[SourceDate "2019.10.17"]
[SourceVersion "1"]
[SourceVersionDate "2019.10.17"]
[SourceQuality "1"]

1. d4 Nf6 2. Bf4 g6 3. Nc3 d5 4. e3 Bg7 5. h4 h6 6. Nf3 c6 7. Ne5 Nbd7 8. Be2 Nxe5 9. Bxe5 0-0 10. Qd2 Ne4 11. Nxe4 Bxe5 12. dxe5 dxe4 13. 0-0-0 Qxd2+ 14. Rxd2 h5 15. Rg1 f5 16. Bc4+ Kg7 17. g3 a5 18. a4 Ra7 19. Rgd1 b6 20. Rd8 Rc7 21. Rxf8 Kxf8 22. Rd8+ Kg7 23. c3 e6 24. Kc2 Kf7 25. b4 axb4 26. cxb4 b5 27. Bb3 c5 28. axb5 cxb4+ 29. Kb2 Bd7 30. Rb8 Ke7 31. b6 Rc5 32. b7 Rb5 33. Ba4 Rb6 34. Bxd7 Kxd7 35. Rg8 Rxb7 36. Rxg6 Rb5 37. Kb3 Rxe5 38. Rg5 Rd5 39. Rxh5 Rd2 40. g4 fxg4 41. Rg5 Rxf2 42. Rxg4 Rf3 43. Rxe4 Rh3 44. Kxb4 e5 45. Kc4 Ke6 46. Kd3 Kf5 47. Ra4 Rh2 48. Rb4 Rg2 49. Rb8 e4+ 50. Kc3 Re2 51. Rb5+ Kg4 52. Kd4 Kxh4 53. Kxe4 Kg4 54. Kd4 Re1 55. e4 Re2 56. Rb1 Kg5 57. Ke5 Kg6 58. Rb7 Re1 59. Rd7 Re2 60. Rd1 Kf7 61. Rd7+ Ke8 1/2-1/2

[Event "Pontevedra op 3rd"]
[Site "Pontevedra"]
[Date "2015.08.14"]
[Round "8"]
[White "Garrido Piriz, Pablo"]
[Black "Espineira Gonzalez, Diego Adrian"]
[Result "0-1"]
[WhiteElo "2138"]
[BlackElo "2380"]
[PlyCount "52"]
[EventDate "2015.08.09"]
[EventType "swiss"]
[EventRounds "9"]
[EventCountry "ESP"]
[SourceTitle "EXT 2016"]
[Source "ChessBase"]
[SourceDate "2015.10.08"]
[SourceVersion "1"]
[SourceVersionDate "2015.10.08"]
[SourceQuality "1"]

1. e4 e6 2. d4 d5 3. Nc3 h6 4. exd5 exd5 5. Bd3 Nf6 6. Nge2 Nc6 7. Be3 Nb4 8. Bb5+ c6 9. Ba4 a5 10. Bb3 Bf5 11. f3 Bd6 12. Qd2 Qc7 13. a4 0-0-0 14. 0-0-0 Rhe8 15. g4 Bg6 16. Bf4 Re7 17. Bxd6 Qxd6 18. Nf4 Bh7 19. Rde1 Rde8 20. Rxe7 Rxe7 21. h4 Nd7 22. Nce2 Nb6 23. c3 Rxe2 24. Qxe2 Qxf4+ 25. Kd1 Nd3 26. Rf1 Qc1# 0-1

[Event "Pontevedra op 3rd"]
[Site "Pontevedra"]
[Date "2015.08.13"]
[Round "7"]
[White "Galiana Fernandez, Adrian"]
[Black "Garrido Piriz, Pablo"]
[Result "1/2-1/2"]
[WhiteElo "1941"]
[BlackElo "2138"]
[PlyCount "86"]
[EventDate "2015.08.09"]
[EventType "swiss"]
[EventRounds "9"]
[EventCountry "ESP"]
[SourceTitle "EXT 2016"]
[Source "ChessBase"]
[SourceDate "2015.10.08"]
[SourceVersion "1"]
[SourceVersionDate "2015.10.08"]
[SourceQuality "1"]

1. e4 c5 2. Nf3 d6 3. d4 cxd4 4. Nxd4 Nf6 5. Nc3 g6 6. Be3 Bg7 7. f3 0-0 8. Qd2 Nc6 9. g4 Bxg4 10. fxg4 Nxg4 11. Nb3 d5 12. exd5 Nxe3 13. Qxe3 Bxc3+ 14. bxc3 Qxd5 15. Rg1 Rac8 16. Rg5 Qd6 17. Bd3 Qf6 18. Kd2 Rfd8 19. Rag1 Rd6 20. Qh3 Rcd8 21. Rf5 Qg7 22. Kc1 Qxc3 23. Rxf7 Kxf7 24. Bxg6+ Rxg6 25. Qxc3 Rxg1+ 26. Kb2 Rg6 27. Qc4+ Ke8 28. Qh4 h6 29. Qh5 Kf7 30. Nc5 Kg7 31. Qf5 Rdd6 32. Nxb7 Rdf6 33. Qe4 Rg5 34. a4 h5 35. Ka3 Rg4 36. Qd5 Kh6 37. Nc5 e5 38. Ne4 Rgg6 39. Qd2+ Rf4 40. Ng3 Nd4 41. c3 h4 42. cxd4 hxg3 43. dxe5 g2 1/2-1/2

[Event "EU-ch U14"]
[Site "Albena"]
[Date "2011.09.13"]
[Round "3"]
[White "Hauge, Lars Oskar"]
[Black "Garrido Piriz, Pablo"]
[Result "1/2-1/2"]
[WhiteElo "2086"]
[BlackElo "1854"]
[PlyCount "43"]
[EventDate "2011.09.11"]
[EventType "swiss"]
[EventRounds "9"]
[EventCountry "BUL"]
[SourceTitle "CBM 144 Extra"]
[Source "ChessBase"]
[SourceDate "2011.10.28"]
[SourceVersion "1"]
[SourceVersionDate "2011.10.28"]
[SourceQuality "1"]

1. e4 c5 2. Nf3 d6 3. d4 cxd4 4. Nxd4 Nf6 5. Nc3 g6 6. Be3 Bg7 7. f3 0-0 8. Qd2 Nc6 9. Bc4 Bd7 10. 0-0-0 Rc8 11. Bb3 Nxd4 12. Bxd4 b5 13. Nd5 Nxd5 14. Bxg7 Kxg7 15. exd5 a5 16. a3 b4 17. axb4 axb4 18. Qxb4 Kg8 19. h4 Rb8 20. Qd4 Qa5 21. Qc3 Qb6 22. Qd4 1/2-1/2

[Event "Extremadura-chT Honor"]
[Site "Badajoz"]
[Date "2011.01.29"]
[Round "4"]
[White "Garrido Piriz, Pablo"]
[Black "Macias Rodriguez, Francisco"]
[Result "1-0"]
[WhiteElo "1759"]
[BlackElo "2028"]
[PlyCount "109"]
[EventDate "2011.01.08"]
[EventType "team"]
[EventRounds "9"]
[EventCountry "ESP"]
[SourceTitle "EXT 2014"]
[Source "ChessBase"]
[SourceDate "2013.11.20"]
[SourceVersion "1"]
[SourceVersionDate "2013.11.20"]
[SourceQuality "1"]

1. e4 c5 2. Nf3 d6 3. d4 cxd4 4. Nxd4 Nf6 5. Nc3 a6 6. f3 e6 7. Be3 Nbd7 8. Qd2 b5 9. 0-0-0 Bb7 10. g4 h6 11. Kb1 Qa5 12. h4 b4 13. Nce2 Ne5 14. Ng3 d5 15. g5 hxg5 16. hxg5 Rxh1 17. Nxh1 Nxf3 18. Nxf3 Nxe4 19. Qd3 Bd6 20. Nd4 e5 21. Nb3 Qc7 22. Bg2 Rd8 23. Bxe4 dxe4 24. Qe2 f5 25. Qh5+ g6 26. Qxg6+ Qf7 27. Qh6 Bf8 28. Rxd8+ Kxd8 29. Qb6+ Qc7 30. Qe6 Bc8 31. Qg6 Qd6 32. Qh5 Bg7 33. Nf2 f4 34. Nxe4 Qc6 35. Qd1+ Kc7 36. Bc5 Bf5 37. Nd6 Bg6 38. Qg4 Qd7 39. Qe2 Qc6 40. Bxb4 f3 41. Qf2 Kb8 42. Bc5 Bf8 43. Na5 Qd5 44. Ba7+ Ka8 45. a3 Bxd6 46. Qb6 f2 47. Qxf2 Qxa5 48. Qf6 Kxa7 49. Qxg6 Qe1+ 50. Ka2 Qd2 51. Qf7+ Kb6 52. g6 e4 53. g7 e3 54. g8Q e2 55. Qb3+ 1-0

[Event "EU-ch U12 19th"]
[Site "Fermo"]
[Date "2009.09.07"]
[Round "7"]
[White "Garrido Piriz, Pablo"]
[Black "Codenotti, Marco"]
[Result "0-1"]
[WhiteElo "1658"]
[BlackElo "2117"]
[PlyCount "70"]
[EventDate "2009.08.31"]
[EventType "swiss"]
[EventRounds "9"]
[EventCountry "ITA"]
[SourceTitle "CBM 132 Extra"]
[Source "ChessBase"]
[SourceDate "2009.11.03"]
[SourceVersion "1"]
[SourceVersionDate "2009.11.03"]
[SourceQuality "1"]

1. e4 d6 2. d4 Nf6 3. Nc3 g6 4. Bc4 Bg7 5. Nge2 0-0 6. f3 c6 7. 0-0 b5 8. Bb3 Nbd7 9. Be3 Bb7 10. Qd2 a6 11. Rad1 Rc8 12. a4 b4 13. Na2 a5 14. c3 bxc3 15. bxc3 c5 16. Nac1 Qc7 17. c4 cxd4 18. Nxd4 Ne5 19. Nb5 Qd8 20. c5 dxc5 21. Qa2 Nfd7 22. f4 Ng4 23. Be6 Nxe3 24. Rxd7 Qb6 25. Rxe7 Nxf1 26. Bxc8 Bxc8 27. Kxf1 Qf6 28. Rc7 Qxf4+ 29. Ke2 Bg4+ 30. Kd3 Rd8+ 31. Kc2 Rd2+ 32. Kb3 Be6+ 33. Ka3 Rxa2+ 34. Nxa2 Qe3+ 35. Nac3 Qc1# 0-1

[Event "ESP-ch U12"]
[Site "Granada"]
[Date "2009.07.05"]
[Round "9"]
[White "Garrido Piriz, Pablo"]
[Black "Rubio Tent, Francisco"]
[Result "1/2-1/2"]
[WhiteElo "1640"]
[BlackElo "1905"]
[PlyCount "58"]
[EventDate "2009.06.30"]
[EventType "swiss"]
[EventRounds "9"]
[EventCountry "ESP"]
[SourceTitle "CBM 131 Extra"]
[Source "ChessBase"]
[SourceDate "2009.09.03"]
[SourceVersion "2"]
[SourceVersionDate "2009.09.16"]
[SourceQuality "1"]

1. e4 c6 2. c4 d5 3. exd5 cxd5 4. cxd5 Nf6 5. Nc3 Nxd5 6. Nf3 Nxc3 7. bxc3 e6 8. d4 Bd7 9. Bd3 Bd6 10. 0-0 Bc6 11. Re1 Nd7 12. c4 0-0 13. d5 exd5 14. cxd5 Bxd5 15. Bxh7+ Kxh7 16. Qxd5 Nf6 17. Qxb7 Qb6 18. Qxb6 axb6 19. Bg5 Bb4 20. Bd2 Bc5 21. Be3 Bb4 22. Rec1 Nd5 23. Bd4 Rfc8 24. Rxc8 Rxc8 25. g3 Bc5 26. Rc1 Nf6 27. Bxc5 bxc5 28. Ne5 Kg8 29. Nd3 Ra8 1/2-1/2